000 00658nam a22002177a 4500
999 _c14232
_d14232
003 AR-CdUCM
008 190422b ||||| |||| 00| 0 spa d
020 _a978-612-300-005-9
040 _aMUNICIPALIDAD PROVINCIAL DEL CUSCO
_cBIBLIOTECA MUNICIPAL DEL CUSCO
082 _aEP / 803 /
_bS82
100 _aStoker, Bram
_932919
245 _aDrácula /
260 _aLima :
_bPunto y coma editores,
_c2008.
300 _a63 páginas ;
_c19 cm.
440 _aLibros bilingues de película.
_932920
505 _aContenido :Drácula.
650 _aCuentos
_951582
650 _aHistorias de terror
_932921
942 _2ddc
_cLIBROS
945 _arum
_d2019-04-22